LAW ON PREVENTION OF MONEY LAUNDERING IN INDIA (Record no. 15149)
[ view plain ]
| 000 -LEADER | |
|---|---|
| fixed length control field | 00395nam a22001577a 4500 |
| 003 - CONTROL NUMBER IDENTIFIER | |
| control field | SGT |
| 020 ## - INTERNATIONAL STANDARD BOOK NUMBER | |
| International Standard Book Number | 9788131250969 |
| 082 ## - DEWEY DECIMAL CLASSIFICATION NUMBER | |
| Classification number | 340.0954,MEH |
| 100 ## - MAIN ENTRY--PERSONAL NAME | |
| Personal name | MEHANATHAN,M.C. |
| 245 ## - TITLE STATEMENT | |
| Title | LAW ON PREVENTION OF MONEY LAUNDERING IN INDIA |
| 250 ## - EDITION STATEMENT | |
| Edition statement | 2ND |
| 260 ## - PUBLICATION, DISTRIBUTION, ETC. (IMPRINT) | |
| Place of publication, distribution, etc | GURGAON |
| Name of publisher, distributor, etc | LEXIS NEXIS |
| Year of Publication | 2017 |
| 300 ## - PAGE DESCRIPTION | |
| No. of Pages | 919 |
| 650 ## - SUBJECT ADDED ENTRY--TOPICAL TERM | |
| Topical term or geographic name as entry element | LAW ON PREVENTION OF MONEY LAUNDERING IN INDIA |
| 942 ## - ADDED ENTRY ELEMENTS (KOHA) | |
| Source of classification or shelving scheme | Dewey Decimal Classification |
| Koha item type | Books |
| Withdrawn status | Lost status | Source of classification or shelving scheme | Damaged status | Not for loan | Collection code | Home library | Current library | Shelving location | Date acquired | Vendor Name | Cost, normal purchase price | SGTU | Bill Number | Total Checkouts | Full call number | Accession No. (Barcode) | Date last seen | Date last borrowed | Bill Date | Koha item type |
|---|---|---|---|---|---|---|---|---|---|---|---|---|---|---|---|---|---|---|---|---|
| Dewey Decimal Classification | LAW | SGT Science & Social Sciences Library | SGT Science & Social Sciences Library | Text Book | 07/02/2018 | COMMERCIAL HOUSE | 1450.00 | SGTU | 3838 | 1 | 340.0954,MEH | FL2089 | 01/04/2025 | 01/04/2025 | 03/02/2018 | Books | ||||
| Dewey Decimal Classification | Not For Loan | LAW | SGT Science & Social Sciences Library | SGT Science & Social Sciences Library | Reference Book | 07/02/2018 | COMMERCIAL HOUSE | 1450.00 | SGTU | 3838 | 340.0954,MEH | FL2090 | 07/02/2018 | 03/02/2018 | Books |